000 00726nam a2200289Ia 4500
005 20260324133117.0
008 008 260324s9999 xx 000 0 eng d
020 _a9780203011485
037 _aEBOOK
040 _aCRL
040 _beng
040 _cCRL
041 _2eng
041 _aeng
084 _qCRL
100 _aAli Carkoglu; Barry Rubin
_91191836
245 0 _aTurkey and the European Union
245 0 _bDomestic Politics, Economic Integration and International Dynamics
260 _bTaylor and Francis
260 _c2003
365 _a
365 _b230
856 _uhttp://www.taylorfrancis.com/books/9780203011485
942 _cEBOOK
999 _c1790585
_d1790585